| 000 | 00905cam a22002531 4500 | ||
|---|---|---|---|
| 001 | sd 45000077 | ||
| 003 | DLC | ||
| 005 | 20260227112735.0 | ||
| 008 | 941013s1945 nyu b f000 0 eng c | ||
| 010 | _asd 45000077 | ||
| 035 | _a(OCoLC)31275547 | ||
| 040 |
_aU.S. Dept. of State. Libr. _cIEN _dDLC |
||
| 050 | 0 | 0 |
_aD410 _b.F65 vol. 21, no. 16 |
| 082 | _a943.086 | ||
| 100 | 1 | _aHadsel, Winifred N. | |
| 245 | 1 | 0 |
_aAllied military rule in Germany, _cby Winifred N. Hadsel. |
| 260 |
_aNew York, N.Y., _bForeign Policy Association, Incorporated _c[1945] |
||
| 300 |
_a1 p. l., 223-231, [1] p. _c27 cm. |
||
| 490 | 0 |
_aForeign policy reports, _vvol. XXI, no. 16. November 1, 1945 |
|
| 500 | _a"Allies at odds on Germany's peacetime needs, by O.K.D. Ringwood and W.N. Hadsel": p. [232] | ||
| 504 | _aBibliographical foot-notes. | ||
| 650 | 0 | _aControl council. | |
| 651 | 0 |
_aGermany _xHistory _y1945-1955. |
|
| 999 |
_c89959 _d89959 |
||